000 00453nam a2200205Ia 4500
003 IT-RoPAU
008 120407s9999 xx 000 0 und d
040 _aIT-RoPAU
040 _cIT-RoPAU
041 _aita
100 _aCarlo Tommaso Dragone
245 _aSpiegazione teologica del catechismo di Pio X. 3 v.
250 _aAlba
260 _aEdizioni Paoline
260 _c1950
300 _c19 cm
490 _v1
942 _cBK
999 _c290
_d290